<?xml version="1.0" encoding="UTF-8"?>
<collection xmlns="http://www.loc.gov/MARC21/slim">
  <record>
    <leader>00000nam  2200000   4500</leader>
    <datafield tag="247" ind1="#" ind2="#">
      <subfield code="a"/>
    </datafield>
    <datafield tag="856" ind1="#" ind2="#">
      <subfield code="a"/>
    </datafield>
    <datafield tag="700" ind1=" " ind2="#">
      <subfield code="a"/>
    </datafield>
    <datafield tag="650" ind1=" " ind2="#">
      <subfield code="a">Jejaring Kardiovaskular Nasional</subfield>
    </datafield>
    <datafield tag="520" ind1=" " ind2="#">
      <subfield code="a">Tingginya angka kematian akibat penyakit jantung di Indonesia, merupakan penyebab kematian kedua tertinggi setelah stroke. Tantangan utama yang dihadapi mencakup ketimpangan akses layanan, perbedaan kualitas layanan antar wilayah, serta keterbatasan infrastruktur dan sumber daya manusia di rumah sakit jejaring. Dalam menghadapi tantangan ini, transformasi layanan rujukan menjadi pilar penting dalam sistem kesehatan nasional, dengan fokus pada pemertaan akses layanan unggulan kardiovaskular. Proper ini bertujuan untuk memperkuat jejaring layanan kardiovaskular nasional sebagai bagian dari program prioritas nasional. Proyek ini dirancang untuk meningkatkan aksebilitas dan kualitas layanan kardiovaskular di Indonesia melalui pengembangan tata kelola yang lebih terintegrasi dan sistem monitoring yang berbasis teknologi digital. Fokus utama proyek adalah menurunkan angka mortalitas akibat sindrom Koroner Akut (SKA) dengan mengoptimalkan kapasistas rumah sakit jejaring di berbagai wilayah Indonesia.</subfield>
    </datafield>
    <datafield tag="321" ind1="#" ind2="#">
      <subfield code="a"/>
    </datafield>
    <datafield tag="310" ind1="#" ind2="#">
      <subfield code="a"/>
    </datafield>
    <datafield tag="300" ind1="#" ind2="#">
      <subfield code="a">61 hlm. :</subfield>
      <subfield code="b">ill. ;</subfield>
      <subfield code="c">30 cm</subfield>
      <subfield code="e"/>
    </datafield>
    <datafield tag="260" ind1="#" ind2="#">
      <subfield code="a">Jakarta :</subfield>
      <subfield code="b">Pusbangkom Pimnas dan Manajerial ASN. ;</subfield>
      <subfield code="c">2024</subfield>
    </datafield>
    <controlfield tag="001">$a INLIS000000000020856</controlfield>
    <datafield tag="245" ind1="#" ind2="#">
      <subfield code="a">Strategi Penguatan Program Pengampuan Jejaring Kardiovaskular Nasional Sebagai Prioritas Nasional Pada Rumah Sakit Jantung dan Pembuluh Daerah Harapan Kita</subfield>
      <subfield code="b"/>
      <subfield code="c">Maya Marinda Montain</subfield>
    </datafield>
    <datafield tag="100" ind1=" " ind2="#">
      <subfield code="a">Maya Marinda Montain</subfield>
    </datafield>
    <datafield tag="084" ind1="#" ind2="#">
      <subfield code="a">R 0070 PKN I 2024</subfield>
    </datafield>
    <datafield tag="082" ind1="#" ind2="#">
      <subfield code="a"/>
    </datafield>
    <datafield tag="035" ind1="#" ind2="#">
      <subfield code="a">0010-0426000013</subfield>
    </datafield>
    <datafield tag="020" ind1="#" ind2="#">
      <subfield code="a"/>
    </datafield>
    <controlfield tag="008">$a 260413################g##########0#ind##</controlfield>
    <controlfield tag="005">$a 20260413152137</controlfield>
  </record>
</collection>
